• 首页
  • 本馆介绍
  • 公告通知
  • 最新文献
  • 馆藏检索
  • 电子资源
  • 读者导购
  • 参考咨询
  • 我的图书馆
  • 登录
  • 详细信息显示
  • 放入我的书架
  • 预约/预借图书
  • 作者相关作品
  • 分类相关作品
  • 丛书相关作品
  • 出版社相关作品

书目信息

  • 表格格式
  • 工作单格式
  • 卡片格式
题名:
狼性法则
    
 
作者: 志舒 编著
分册:  
出版信息: 长春   北方妇女儿童出版社  2019
页数: 215页
开本: 21cm
丛书名:
单 册:
中图分类: C936-49 , C936
科图分类:
主题词: 组织管理学--通俗读物
电子资源:
ISBN: 978-7-5585-3260-3
000 00863nam0 2200253 450
001 2367897406
005 20231021185148.08
010    @a978-7-5585-3260-3@dCNY29.80
100    @a20200102d2019 em y0chiy50 ea
101 0  @achi
102    @aCN@b220000
105    @ay z 000yy
200 1  @a狼性法则@Alang xing fa ze@e优秀团队的生存精华@dWolf rule@f志舒编著@zeng
210    @a长春@c北方妇女儿童出版社@d2019
215    @a215页@d21cm
330    @a本书内容分为物竞天择 适者生存;优胜劣汰 能者为王;狼群无敌 团队制胜;把握机遇 雄霸天下;学会忍耐,绝境逢生;居安思危,不断进取六章。
510 1  @aWolf rule@zeng
517 1  @a优秀团队的生存精华@Ayou xiu tuan dui de sheng cun jing hua
606 0  @a组织管理学@j通俗读物
690    @aC936-49@v5
690    @aC936@v4
701  0 @a志舒@Azhi shu@4编著
801  0 @aCN@b91MARC@c20200107
905    @aZUCC@dC936@e55
    
    狼性法则:优秀团队的生存精华=Wolf rule/志舒编著.-长春:北方妇女儿童出版社,2019
    215页;21cm
    
    
    ISBN 978-7-5585-3260-3:CNY29.80
    本书内容分为物竞天择 适者生存;优胜劣汰 能者为王;狼群无敌 团队制胜;把握机遇 雄霸天下;学会忍耐,绝境逢生;居安思危,不断进取六章。
●
相关链接 在五车中查询图书 在当当中查询图书 在豆瓣中查询图书


正题名:狼性法则     索取号:C936/55         预约/预借

序号 登录号 条形码 馆藏地/架位号 状态 备注
1 2001020563   2001020563   315书库/四4架A面2层4列/ [索取号:C936/55] 在馆    
2 2001020564   2001020564   315书库/四4架A面2层4列/ [索取号:C936/55] 在馆    
3 2001020565   2001020565   315书库/四4架A面2层4列/ [索取号:C936/55] 在馆    
4 2001020566   2001020566   315书库/四4架A面2层4列/ [索取号:C936/55] 在馆    
5 2001020567   2001020567   315书库/四4架A面2层4列/ [索取号:C936/55] 在馆    
6 2001020568   2001020568   315书库/四4架A面2层4列/ [索取号:C936/55] 在馆    
山东省滨州职业学院图书馆 欢迎您!
大连网信软件有限公司© 版权所有